000
00290nam a2200085Ia 4500
245
0
_a
Entrepreneurship, training, education and job creation
100
_a
Hewitt, L. L. M. [Stellenbosch, South Africa?], 2011 1st ed
_9
47372
942
_c
BK
008
210817s9999 xx 000 0 und d
999
_c
325425
_d
325424